000 nam a22 7a 4500
999 _c233634
_d233634
003 Nust
005 20170309122234.0
008 170309b xxu||||| |||| 00| 0 eng d
040 _c0
050 _a363.7 BIL
082 _a363.7 BIL
100 _aMuhammad Bilal
245 _aCadmium Accumulation And Its Effect On Physiological Activity And Oil Production In Aquatic Macrophytes
_cMuhammad Bilal
260 _aIslamabad
_bIESE (SCEE) NUST
_c2016.
300 _a55 p.
_bHB.
440 _aMS Environmental Science
500 _aThesis MS ES
650 _aEnvironmental Science
700 _4Dr. Muhammad Arshad (Supervisor)
942 _2ddc
_cTHE
_kIESE